Teach terrific writing / (Record no. 105950)
[ view plain ]
| 000 -LEADER | |
|---|---|
| fixed length control field | 00638nam a2200181 a 4500 |
| 005 - DATE AND TIME OF LATEST TRANSACTION | |
| control field | 20140412111419.0 |
| 008 - FIXED-LENGTH DATA ELEMENTS--GENERAL INFORMATION | |
| fixed length control field | 070906s19uu xx 00 eng d |
| 020 ## - INTERNATIONAL STANDARD BOOK NUMBER | |
| International Standard Book Number | 0-07-146316-x |
| 050 ## - LIBRARY OF CONGRESS CALL NUMBER | |
| Classification number | TR(GS 808.04 |
| Item number | M97 2006 |
| 100 ## - MAIN ENTRY--PERSONAL NAME | |
| Personal name | Muschla, Cary Robert |
| 245 ## - TITLE STATEMENT | |
| Title | Teach terrific writing / |
| Statement of responsibility, etc | Cary Robert Muschla. |
| 260 ## - PUBLICATION, DISTRIBUTION, ETC. (IMPRINT) | |
| Place of publication, distribution, etc | New York : |
| Name of publisher, distributor, etc | McGraw-Hill, |
| Date of publication, distribution, etc | 2006. |
| 300 ## - PHYSICAL DESCRIPTION | |
| Extent | 237 |
| 500 ## - GENERAL NOTE | |
| General note | Perfect for teachers for grades 4-5 |
| 650 ## - SUBJECT ADDED ENTRY--TOPICAL TERM | |
| Topical term or geographic name as entry element | English language--composition and exercises |
| General subdivision | Study and teaching |
| -- | Middle School |
| 650 ## - SUBJECT ADDED ENTRY--TOPICAL TERM | |
| Topical term or geographic name as entry element | Report Writing Study and teaching |
| General subdivision | Middle school |
| -- | Teaching aids and devices |
| Withdrawn status | Lost status | Damaged status | Home library | Current library | Shelving location | Date acquired | Source of acquisition | Total Checkouts | Full call number | Barcode | Date last seen | Price effective from | Koha item type |
|---|---|---|---|---|---|---|---|---|---|---|---|---|---|
| Elizalde Library | Elizalde Library | Teachers Reference Section | 09/06/2007 | TR(GS 808.04 M97 2006 | E11012 | 04/12/2014 | 04/12/2014 | Books |